=LDR 00000nam 2200000 4500 =001 INLIS000000000007093 =005 20201217082559 =035 ##$$a 0010-061300000007093 =008 201217################g##########0#ind## =041 ##$$a Ind =082 ##$$a 2x7.2 =090 ##$$a 2x7.2, Hel d =100 ##$$a Heimy, Irfan =245 1#$$a Dakwah bil-hikmah /$c KH. Irfan Hielmy; penyunting, Kuswaidi Syafi'e =260 ##$$a Yogyakarta :$b Mitra Pustaka,$c 2002 =300 ##$$a viii, 100 hlm. ; $c 21 x 14 cm. =650 #4$$a Dakwah Islam =084 ##$$a 2x7.2 HEI d =250 ##$$a cet. 1 =520 ##$$a Bibliografi hlm. 96-97 =520 ##$$a Indeks hlm. 98-100 =700 #$$a Kuswaidi Syafi'e =990 ##$$a 170.455/Pb-2002 =990 ##$$a 170.456/Pb-2002 =990 ##$$a 170.457/Pb-2002 =990 ##$$a 170.458/Pb-2002